书目信息 |
| 题名: |
中小学心理教育基本原理
|
|
| 作者: | 莫雷 编著 | |
| 分册: | ||
| 出版信息: | 广州 暨南大学出版社 1997 |
|
| 页数: | 197页 | |
| 开本: | 20cm | |
| 丛书名: | 中小学心理教育丛书 | |
| 单 册: | ||
| 中图分类: | G44 | |
| 科图分类: | 38.14 | |
| 主题词: | 中学生-教育心理学 , 教育心理学-中学生 , 小学生-教育心理学 , 教育心理学-小学生 | |
| 电子资源: | ||
| ISBN: | 7-81029-608-6 | |
| 000 | 00780oam2 2200277 45 | |
| 001 | 1534983076 | |
| 005 | 20150125094319.65 | |
| 010 | @a7-81029-608-6@dCNY11.00 | |
| 100 | @a19980609d1997 em y0chiy0121 ea | |
| 101 | 0 | @achi |
| 102 | @aCN@b440000 | |
| 105 | @ay z 000yy | |
| 200 | 10 | @a中小学心理教育基本原理@Azhong xiao xue xin li jiao yu ji ben yuan li@f莫雷等编著 |
| 210 | @a广州@c暨南大学出版社@d1997 | |
| 215 | @a197页@d20cm | |
| 225 | 2 | @a中小学心理教育丛书 |
| 410 | 0 | @120010@a中小学心理教育丛书 |
| 606 | @a中学生-教育心理学 | |
| 606 | @a教育心理学-中学生 | |
| 606 | @a小学生-教育心理学 | |
| 606 | @a教育心理学-小学生 | |
| 690 | @aG44@v3 | |
| 692 | @a38.14@v2 | |
| 701 | 0 | @a莫雷@Amo lei@4编著 |
| 801 | 0 | @aCN@bTSSF@c19980623 |
| 905 | @aZUCC@dG44@eJY21 | |
| 中小学心理教育基本原理/莫雷等编著.-广州:暨南大学出版社,1997 |
| 197页;20cm.-(中小学心理教育丛书) |
| ISBN 7-81029-608-6:CNY11.00 |
| ● |
| 相关链接 |
|
|
|
|
正题名:中小学心理教育基本原理
索取号:G44/JY21
 
预约/预借
| 序号 | 登录号 | 条形码 | 馆藏地/架位号 | 状态 | 备注 |
| 1 | 7858232 | 278582320 | 学院路分馆/ [索取号:G44/JY21] | 在馆 |